00330nam a2200133Ia 4500008004100000020000900041040001600050041001200066082001800078100002300096245003700119260002900156300001100185230917s9999||||xx |||||||||||||| ||und|| cRS40 e19498aMAIN aEnglish a301.412 J157W aJacaobson, Doronne 0aWomen in India: Two perspectives aNew DelhibManoharc1977 a144 p.